| 000 | 00927 a2200193 4500 | ||
|---|---|---|---|
| 001 | 16079 | ||
| 005 | 20260407155455.0 | ||
| 008 | 260407a arg spa d | ||
| 003 | AR-UNSa-BCEJYS | ||
| 040 |
_aAR-UNSa-BCEJYS _bspa _cAR-UNSa-BCEJYS |
||
| 080 |
_a657 _xContabilidad |
||
| 245 | 1 | 0 | _aIntroducción a la contabilidad superior |
| 264 | 1 |
_aSalta : _bCodex |
|
| 300 |
_a286 p. _c21 cm. |
||
| 505 | _a1. Actividad económica del hombre - 2. La empresa - 3. El marco jurídico de la actividad económica en el derecho argentino - 4. La contabilidad - 5. El patrimonio de la empresa - 6. La fuente de la información contable: los documentos comerciales - 7. Los llamados principios contables generalmente aceptados - 8. Los métodos de registración contable - 9. Cuentas - 10. Plan de cuentas - 11. Análisis de cuentas | ||
| 942 | _cBK | ||
| 590 | _aniveau_biblio:m niveau_hierar:0 | ||
| 100 | 1 | _aRodríguez, Roberto Mario | |
| 999 |
_c694 _d694 |
||